Asas-asas masyarakat cemerlang : kumpulan rencana yang telah disiarkan di akhbar tempatan
| Other Authors: | |
|---|---|
| Format: | Book |
| Published: |
Kuala Lumpur :
IKIM ,
1994
|
| Subjects: |
MARC
| LEADER | 00000cam a2200000 7i4500 | ||
|---|---|---|---|
| 001 | 0000004010 | ||
| 002 | 000004318 | ||
| 005 | 20000330.0 | ||
| 020 | |a 9839986376 | ||
| 090 | 0 | 0 | |a 297.5 |b ASA |
| 245 | 0 | 0 | |a Asas-asas masyarakat cemerlang : |b kumpulan rencana yang telah disiarkan di akhbar tempatan |c disunting oleh Fatimah Abdul Rahman |
| 260 | |a Kuala Lumpur : |b IKIM , |c 1994 | ||
| 300 | |a 200 p. ; |c 22 cm. | ||
| 650 | 0 | 0 | |a Islamic community |
| 700 | 0 | |a Siti Fatimah Abdul Rahman | |
| 999 | |a 037240 |b BUKU |c PINJAMAN |e PERPUSTAKAAN KOMUNITI PETALING JAYA | ||